000 00836nam a2200205 i 4500
001 39285
003 ES-MaACL
005 20230906155931.0
007 t|
008 030227s1890 sp ||||1| spa d
100 1 _aCalle Hernández, Anastasio de la.
_933705
245 1 0 _aMemoria médico-topográfica de la Villa de Valdemoro
_b: ilustrada con el plano de la población /
_cescrita por su médico titular Anastasio de la Calle Hernández.
260 _aMadrid :
_b[s.n.],
_c1890 (
_fEst. Tip. de G. Pedraza)
300 _a38 p., [2] h. de plano ;
_c22 cm.
530 _aDisponible en formato digital.
650 4 _aGeografía médica-
_zValdemoro.
_9152302
651 4 _aValdemoro-
_xHistoria.
_9152303
852 _aES-MaACL
_jZ-3-F-19
856 _uhttp://bdh-rd.bne.es/viewer.vm?id=0000053308&page=1
_zBiblioteca Digital Hispánica
999 _c39285
_d39285